000
00188 a2200097 4500
020
_a
9780439405331
041
_a
eng
100
_a
Grace Maccarone
245
_a
Clifford is tops
942
_c
K
999
_c
27828
_d
27828